000 00426nam a22001697a 4500
003 OSt
008 230315b |||||||| |||| 00| 0 eng d
020 _a9788184044744
082 _a174.4 BAE
100 _aBALACHANDRAN,S
245 _aEthics, Indian Ethos and Management
250 _a2nd Ed
260 _aNew Delhi
_bShroff Publishers
300 _a258
650 _aEthics,Indian Ethos and Management
942 _2ddc
_cBK
999 _c11871
_d11871